| 000 | 005820000a22001810004500 | ||
|---|---|---|---|
| 003 | MACL | ||
| 005 | 20160211112633.0 | ||
| 008 | 160211b xxu||||| |||| 00| 0 eng d | ||
| 040 |
_aMACL _cMACL |
||
| 041 | _aHindi | ||
| 082 | _a200 | ||
| 100 |
_aउपाघ्याय भरतसिंह _937741 |
||
| 245 | _aबुद्ध और बौद्ध साघक | ||
| 260 |
_bसस्ता साहित्य मंडल प्रकाशन _c1950 _aनई दिल्ली |
||
| 350 | _a1.50 | ||
| 650 |
_aReligion _937783 |
||
| 942 |
_cHIN _k200 _2ddc |
||
| 999 |
_c23757 _d23757 |
||